Statistics for Musicals by hint

Click here to take the quiz!

General Stats

  • This quiz has been taken 85 times
  • The average score is 8 of 15

Answer Stats

HintMusical% Correct
46th US stateOklahoma!
79%
Period after the French RevolutionLes Miserables
74%
Members of the genus FelisCats
73%
Within the forestInto the Woods
71%
US's third largest cityChicago
70%
e.g. Alexander, William, LewisHamilton
65%
Violin player above the atticFiddler on the Roof
62%
The apparition during the musical dramaThe Phantom of the Opera
59%
Last line of each verse in "London Bridge"My Fair Lady
55%
Tale set in a neighborhood of western ManhattanWest Side Story
50%
Italian for My Goodness!Mamma Mia!
48%
Feline monarchThe Lion King
44%
Melodious tunesThe Sound of Music
33%
Oceanic region home to PolynesiaSouth Pacific
24%
Homo sapiens with imitationsGuys and Dolls
3%

Score Distribution

Percentile by Number Answered

Percent of People with Each Score

Your Score History

You have not taken this quiz